000 00640nam a2200229Ia 4500
003 OSt
005 20220926030911.0
006 a|||||r|||| 00| 0
007 ta
008 220923b |||||||| |||| 00| 0 eng d
037 _cGeneral Book
040 _aRTL
_cRTL
_beng
041 _2eng
_aeng
082 _aX71.237.N97<--N96t5, N6
110 _aRAJASTHAN (Govt. of--)
245 2 _aA Aaya-Vyayak anumaan 1966-97
260 _aRajasthan
_bGovt of Rajasthan
_c1996
300 _a204p
_ccm.
700 _aRAJASTHAN (Govt. of--)
942 _hX71.237.N97<--N96t5, N6
_cGB
_2CC
999 _c650990
_d650990